<?xml version="1.0" encoding="UTF-8"?>
<marc:record xmlns:marc="http://www.loc.gov/MARC21/slim">
   <marc:leader>00000nam a2200000 a 4500</marc:leader>
   <marc:datafield ind1="0" ind2="0" tag="245">
      <marc:subfield code="a">Bioenergietherapie</marc:subfield>
   </marc:datafield>
   <marc:datafield ind1="0" ind2="0" tag="245">
      <marc:subfield code="b">Die bioenergetische Ganzheitsmedizin</marc:subfield>
   </marc:datafield>
   <marc:datafield ind1=" " ind2="1" tag="264">
      <marc:subfield code="b">Oesch</marc:subfield>
      <marc:subfield code="c">2008</marc:subfield>
   </marc:datafield>
   <marc:datafield ind1="1" ind2=" " tag="520">
      <marc:subfield code="a">Immer mehr Menschen erfahren, dass ihnen in der heutigen Zeit mit ihren vielschichtigen Belastungsfaktoren nur eine ganzheitliche und ursächliche Behandlung helfen kann. Dazu ist eine intelligente und umfassende Diagnose - und Therapiesystematik notwendig. Diese wird in diesem Ratgeber vorgestellt. In ihrem Mittelpunkt steht die Bioresonanztherapie, die sich bei fast allen Erkrankungen mit Aussicht auf Erfolg einsetzen lässt.</marc:subfield>
   </marc:datafield>
   <marc:datafield ind1=" " ind2=" " tag="020">
      <marc:subfield code="a">9783035050097</marc:subfield>
      <marc:subfield code="9">9783035050097</marc:subfield>
   </marc:datafield>
</marc:record>
